000
00255nam a2200097Ia 4500
001
714377
005
20250826162904.0
008
250824s9999 xx 000 0 und d
245
0
_a
KENDİNE BİR İYİLİK YAP
_c
BİLGE GÖKSU
260
_b
CARPE DİEM YAYINLARI
999
_c
714377
_d
714377